书目信息 |
| 题名: |
水的除盐方法与工程应用
|
|
| 作者: | 崔玉川 主编 | |
| 分册: | ||
| 出版信息: | 北京 化学工业出版社 2009.01 |
|
| 页数: | 302页 | |
| 开本: | 26cm | |
| 丛书名: | ||
| 单 册: | ||
| 中图分类: | TU991.26 | |
| 科图分类: | ||
| 主题词: | 城市供水系统 , 给水工程:市政工程 | |
| 电子资源: | ||
| ISBN: | 978-7-122-03419-9 | |
| 000 | 00977nam0 2200229 450 | |
| 001 | K8373769 | |
| 005 | 20100810084731.28 | |
| 010 | @a978-7-122-03419-9@dCNY58.00 | |
| 100 | @a20100515d2009 ekmy0chiy0121 ea | |
| 101 | 0 | @achi |
| 102 | @aCN@b110000 | |
| 105 | @aa z 000yy | |
| 200 | 1 | @a水的除盐方法与工程应用@Ashui de chu yan fang fa yu gong cheng ying yong@f崔玉川主编@Fcui yu chuan zhu bian |
| 210 | @a北京@c化学工业出版社@d2009.01 | |
| 215 | @a302页@c图@d26cm | |
| 330 | @a本书汇集了目前国内外已有的主要除盐方法及技术,并注重实用性。书中重点介绍了热力法、化学法、电-膜法、压力-膜法、电吸附法等水除盐方法的基本原理、工艺设备、技术参数、经济指标、优缺点、适用条件、再生清洗、计算例题、应用实例、水除盐站总体设计以及含盐量限值主要水质标准。本书除盐方法集中,内容系统新颖,资料翔实适用。 | |
| 606 | 0 | @a城市供水系统 |
| 606 | 0 | @a给水工程:市政工程 |
| 690 | @aTU991.26@v4 | |
| 701 | 0 | @a崔玉川@Acui yu chuan@4主编 |
| 801 | 0 | @aCN@c20100515 |
| 905 | @dTU991.26@eC978@f5 | |
| 水的除盐方法与工程应用/崔玉川主编.-北京:化学工业出版社,2009.01 |
| 302页:图;26cm |
| ISBN 978-7-122-03419-9:CNY58.00 |
| 本书汇集了目前国内外已有的主要除盐方法及技术,并注重实用性。书中重点介绍了热力法、化学法、电-膜法、压力-膜法、电吸附法等水除盐方法的基本原理、工艺设备、技术参数、经济指标、优缺点、适用条件、再生清洗、计算例题、应用实例、水除盐站总体设计以及含盐量限值主要水质标准。本书除盐方法集中,内容系统新颖,资料翔实适用。 |
| ● |
| 相关链接 |
|
|
|
正题名:水的除盐方法与工程应用
索取号:TU991.26/C978
 
预约/预借
| 序号 | 登录号 | 条形码 | 馆藏地/架位号 | 状态 | 备注 |
| 1 | 1022076 | 210220768 | 市政与环境工程学院资料室/101建筑库 97排2列5层/ [索取号:TU991.26/C978] | 在馆 | |
| 2 | 1022077 | 210220777 | 自科二线404/404自科库 26排4列6层/ [索取号:TU991.26/C978] | 在馆 | |
| 3 | 1022078 | 210220786 | 自科二线404/404自科库 26排4列5层/ [索取号:TU991.26/C978] | 在馆 | |
| 4 | 1022079 | 210220795 | 自科二线404/404自科库 26排4列5层/ [索取号:TU991.26/C978] | 在馆 | |
| 5 | 1022080 | 210220802 | 市政与环境工程学院资料室/101建筑库 97排2列5层/ [索取号:TU991.26/C978] | 在馆 |